000
00275nam a2200109Ia 4500
008
200302s9999 xx 000 0 und d
100
_a
Zhu Xiaofeng and othrs
245
_a
Cultural Architecture
260
_b
Design Media Publishing (UK) Ltd.,
260
_c
2013
300
_a
255
999
_c
6180
_d
6180